Juronics operát rendez A kékszakállú herceg vára és a Táncszvit a nagyszínházban /
Elmentve itt :
| Szerzők: | |
|---|---|
| Dokumentumtípus: | Cikk |
| Megjelent: |
2005-11-17
|
| Sorozat: | Délmagyarország
95 No. 269 |
| Kulcsszavak: | Juronics Tamás, Szeged, Táncművészet balett Szeged, Opera Szeged, Szegedi Kortárs Balett, Táncszvit (színházi ea.), A kékszakállú herceg vár (színházi ea.), Szegedi Nemzeti Színház 2005/2006 évad |
| Online Access: | http://dmarchiv.bibl.u-szeged.hu/135570 |
| LEADER | 00747nab a2200169 i 4500 | ||
|---|---|---|---|
| 001 | delm135570 | ||
| 005 | 20191127142853.0 | ||
| 008 | 191127s2005 hu o 0|| hun d | ||
| 040 | |a SZTE Délmagyarország Archívum |b hun | ||
| 041 | |a hun | ||
| 100 | 1 | |a Hollósi Zsolt | |
| 245 | 1 | 0 | |a Juronics operát rendez |h [elektronikus dokumentum] : |b A kékszakállú herceg vára és a Táncszvit a nagyszínházban / |c Hollósi Zsolt |
| 260 | |c 2005-11-17 | ||
| 300 | |a 6 | ||
| 490 | 0 | |a Délmagyarország |v 95 No. 269 | |
| 695 | |a Juronics Tamás, Szeged, Táncművészet balett Szeged, Opera Szeged, Szegedi Kortárs Balett, Táncszvit (színházi ea.), A kékszakállú herceg vár (színházi ea.), Szegedi Nemzeti Színház 2005/2006 évad | ||
| 700 | 0 | 1 | |a Bartók Béla |e aut |